<?xml version="1.0" encoding="UTF-8"?>
<marc:record xmlns:marc="http://www.loc.gov/MARC21/slim">
   <marc:leader>00000nam a2200000 a 4500</marc:leader>
   <marc:datafield ind1="1" ind2=" " tag="100">
      <marc:subfield code="a">Urbanneck, Linda</marc:subfield>
      <marc:subfield code="4">aut</marc:subfield>
      <marc:subfield code="e">Verfasser/-in</marc:subfield>
   </marc:datafield>
   <marc:datafield ind1=" " ind2=" " tag="653">
      <marc:subfield code="a">Anleitung</marc:subfield>
   </marc:datafield>
   <marc:datafield ind1=" " ind2=" " tag="653">
      <marc:subfield code="a">Hunde häkeln</marc:subfield>
   </marc:datafield>
   <marc:datafield ind1=" " ind2=" " tag="653">
      <marc:subfield code="a">amigurumis</marc:subfield>
   </marc:datafield>
   <marc:datafield ind1=" " ind2=" " tag="653">
      <marc:subfield code="a">mini amigurumi</marc:subfield>
   </marc:datafield>
   <marc:datafield ind1=" " ind2=" " tag="653">
      <marc:subfield code="a">häkelbuch</marc:subfield>
   </marc:datafield>
   <marc:datafield ind1=" " ind2=" " tag="653">
      <marc:subfield code="a">Häkelprojekte</marc:subfield>
   </marc:datafield>
   <marc:datafield ind1=" " ind2=" " tag="653">
      <marc:subfield code="a">Edwards freche Tierparade</marc:subfield>
   </marc:datafield>
   <marc:datafield ind1=" " ind2=" " tag="653">
      <marc:subfield code="a">Kleine Tiere häkeln</marc:subfield>
   </marc:datafield>
   <marc:datafield ind1=" " ind2=" " tag="653">
      <marc:subfield code="a">kleine häkelfiguren</marc:subfield>
   </marc:datafield>
   <marc:datafield ind1=" " ind2=" " tag="653">
      <marc:subfield code="a">kleine häkelprojekte</marc:subfield>
   </marc:datafield>
   <marc:datafield ind1=" " ind2=" " tag="653">
      <marc:subfield code="a">tiere häkeln</marc:subfield>
   </marc:datafield>
   <marc:datafield ind1=" " ind2=" " tag="653">
      <marc:subfield code="a">häkeln für Anfänger</marc:subfield>
   </marc:datafield>
   <marc:datafield ind1=" " ind2=" " tag="653">
      <marc:subfield code="a">schnelle Häkelanleitung</marc:subfield>
   </marc:datafield>
   <marc:datafield ind1=" " ind2=" " tag="653">
      <marc:subfield code="a">einfache anleitung häkeln</marc:subfield>
   </marc:datafield>
   <marc:datafield ind1=" " ind2=" " tag="653">
      <marc:subfield code="a">Häkelanleitung</marc:subfield>
   </marc:datafield>
   <marc:datafield ind1=" " ind2=" " tag="653">
      <marc:subfield code="a">Hunde häkeln;amigurumis;mini amigurumi;häkelbuch;Häkelprojekte;Edwards freche Tierparade;Kleine Tiere häkeln;kleine häkelfiguren;kleine häkelprojekte;tiere häkeln;häkeln für Anfänger;schnelle Häkelanleitung;einfache anleitung häkeln;Häkelanleitung</marc:subfield>
   </marc:datafield>
   <marc:datafield ind1="0" ind2="0" tag="245">
      <marc:subfield code="a">Mini Amigurumis - süße Hunde</marc:subfield>
   </marc:datafield>
   <marc:datafield ind1="0" ind2="0" tag="245">
      <marc:subfield code="b">25 niedliche Freunde häkeln</marc:subfield>
   </marc:datafield>
   <marc:datafield ind1="0" ind2="0" tag="245">
      <marc:subfield code="c">Urbanneck, Linda</marc:subfield>
   </marc:datafield>
   <marc:datafield ind1=" " ind2="1" tag="264">
      <marc:subfield code="a">München</marc:subfield>
      <marc:subfield code="b">EMF</marc:subfield>
      <marc:subfield code="c">2025</marc:subfield>
   </marc:datafield>
   <marc:datafield ind1=" " ind2=" " tag="250">
      <marc:subfield code="a">1. Auflage</marc:subfield>
   </marc:datafield>
   <marc:datafield ind1="1" ind2=" " tag="520">
      <marc:subfield code="a">Neue Anleitungen für Fans der Mini-Amigurumis-Reihe – dieses Mal für alle Hundeliebhaber*innen!&#xD;
Endlich kann der beste Freund des Menschen im Miniformat mit einer Größe von maximal 6cm gehäkelt werden – und damit zum Beispiel als Schlüsselanhänger, in der Tasche oder der Geldbörse als kleiner Begleiter mitgenommen werden, auch wenn der eigene kleine Fellfreund gerade nicht in Person dabei sein kann. Denn in diesem Buch sind die Anleitungen für 25 Hunderassen enthalten, vom Mops über den Beagle, bis zum Pudel. Mit illustriertem Grundlagenteil und QR-Codes zu Videos, in denen jede Häkeltechnik erklärt wird.25 kleine Amigurumis zum Verlieben: Häkle deinen besten vierbeinigen Freund oder deine Lieblingshunderasse nachSchnell gemacht und einfach gehäkelt – die kleinen Projekte kannst du mit wenig Zeitaufwand herstellen, und sie sind perfekt für die Resteverwertung deines Garnvorrats geeignet!Zum Sammeln oder Verschenken, als Schlüsselanhänger oder Mobile – mit den kleinen Häkelstücken hundevernarrten Familienmitgliedern, Freund*innen und Kolleg*innen große Freude bereiten&#xD;
Die Anleitungen für die kleinen Projekte sind leicht nachzuhäkeln – Im Grundlagenteil des Buches findest du illustrierte Erklärungen zu allen Techniken, die du benötigst. So finden auch Häkelneulinge ganz einfach ihr erstes Lieblingsprojekt. Schnapp dir deine Häkelnadel, einen kleinen Garnrest und schlage die erste Masche für deine große Häkelhunde-Sammlung an!</marc:subfield>
   </marc:datafield>
   <marc:datafield ind1=" " ind2=" " tag="020">
      <marc:subfield code="a">9783745927023</marc:subfield>
      <marc:subfield code="9">9783745927023</marc:subfield>
   </marc:datafield>
   <marc:datafield ind1=" " ind2=" " tag="020">
      <marc:subfield code="a">3745927028</marc:subfield>
      <marc:subfield code="9">3745927028</marc:subfield>
   </marc:datafield>
   <marc:datafield ind1=" " ind2=" " tag="041">
      <marc:subfield code="a">ger</marc:subfield>
   </marc:datafield>
   <marc:datafield ind1=" " ind2=" " tag="300">
      <marc:subfield code="b">Illustrationen</marc:subfield>
   </marc:datafield>
   <marc:datafield ind1=" " ind2=" " tag="338">
      <marc:subfield code="a">Band</marc:subfield>
   </marc:datafield>
   <marc:datafield ind1=" " ind2=" " tag="300">
      <marc:subfield code="a">47 Seiten</marc:subfield>
   </marc:datafield>
</marc:record>
